• 首页
  • 本馆介绍
  • 公告通知
  • 最新文献
  • 馆藏检索
  • 电子资源
  • 读者导购
  • 参考咨询
  • 我的图书馆
  • 登录
  • 详细信息显示
  • 放入我的书架
  • 预约/预借图书
  • 作者相关作品
  • 分类相关作品
  • 丛书相关作品
  • 出版社相关作品

书目信息

  • 表格格式
  • 工作单格式
  • 卡片格式
题名:
晚清民国时期东阳木雕的传承与发展研究
    
 
作者: 张伟孝, , 金柏松, 著
分册:  
出版信息: 长春   吉林大学出版社  2022.06
页数: 201页
开本: 24cm
丛书名:
单 册:
中图分类: J314.2
科图分类:
主题词: 木雕--mu diao--民间工艺--研究--中国--1840-1949
电子资源:
ISBN: 978-7-5768-0147-7
000 01661nam0 2200289 450
001 CAL 012022047527
005 20230217093113.0
010    @a978-7-5768-0147-7@dCNY88.00
100    @a20221108d2022 em y0chiy0120 ea
101 0  @achi
102    @aCN@b220000
105    @aa z 000yy
106    @ar
200 1  @a晚清民国时期东阳木雕的传承与发展研究@Awan qing min guo shi qi dong yang mu diao de chuan cheng yu fa zhan yan jiu@e1840-1949@f张伟孝, 金柏松著
210    @a长春@c吉林大学出版社@d2022.06
215    @a201页@c彩图@d24cm
300    @a2019年度浙江省哲学社会科学规划课题成果
314    @a张伟孝, 教授、文化学者、浙江广夏建设职业技术大学艺术设计学院副院长、省级学科带头人、金华市321专业技术人才培养对象。金柏松, 高级经济师, 高级工艺美术师。
330    @a本书是2019年度浙江省哲学社会科学规划课题“晚清民国时期东阳木雕的传承与发展研究 (1840-1949) ”的专题研究成果。通过对课题的深入研究, 梳理了晚清民国时期东阳木雕的传承与发展的状况。通过资料整理与查阅、实地勘测等方法对现存东阳境内外的晚清民国木雕的现状进行调查, 分析晚清民国时期东阳的经济、东阳的建筑 ; 晚清民国时期的木雕行业状况, 木雕技艺的传承情况, 木雕艺人的从艺之路, 木雕的技艺特征与体例风格的变化, 国画画谱与画工体木雕的关系。同时对诸暨同山边氏祠堂、兰溪姚村慎德堂和衍德堂、东阳史家庄花厅、东阳罗青四和堂、义乌佛堂吴棋记民居、绍兴上虞曹娥庙六个典型木雕精品进行了解读。
606 0  @a木雕@Amu diao@x民间工艺@x研究@y中国@z1840-1949
690    @aJ314.2@v5
701  0 @a张伟孝,@Azhang wei xiao@f1981-@4著
701  0 @a金柏松,@Ajin bai song@f1954-@4著
801  0 @aCN@bBJXHZP@c20230228
905    @a可供@b1404689-92@dJ314.2@e54@f4
906    @aRTYY
998    @bbm004b-2022.11.14 16:31:39
    
    晚清民国时期东阳木雕的传承与发展研究:1840-1949/张伟孝, 金柏松著.-长春:吉林大学出版社,2022.06
    201页:彩图;24cm
    2019年度浙江省哲学社会科学规划课题成果
    
    ISBN 978-7-5768-0147-7:CNY88.00
    本书是2019年度浙江省哲学社会科学规划课题“晚清民国时期东阳木雕的传承与发展研究 (1840-1949) ”的专题研究成果。通过对课题的深入研究, 梳理了晚清民国时期东阳木雕的传承与发展的状况。通过资料整理与查阅、实地勘测等方法对现存东阳境内外的晚清民国木雕的现状进行调查, 分析晚清民国时期东阳的经济、东阳的建筑 ; 晚清民国时期的木雕行业状况, 木雕技艺的传承情况, 木雕艺人的从艺之路, 木雕的技艺特征与体例风格的变化, 国画画谱与画工体木雕的关系。同时对诸暨同山边氏祠堂、兰溪姚村慎德堂和衍德堂、东阳史家庄花厅、东阳罗青四和堂、义乌佛堂吴棋记民居、绍兴上虞曹娥庙六个典型木雕精品进行了解读。
●
相关链接 在E读中查询图书 在五车中查询图书 在当当中查询图书 在豆瓣中查询图书


正题名:晚清民国时期东阳木雕的传承与发展研究     索取号:J314.2/54         预约/预借

序号 登录号 条形码 馆藏地/架位号 状态 备注
1 1404689   214046897   第一样本阅览室/ [索取号:J314.2/54] 在馆    
2 1404690   214046904   第一借阅区/ [索取号:J314.2/54] 在馆    
3 1404691   214046913   第一借阅区/ [索取号:J314.2/54] 在馆    
4 1404692   214046922   第一借阅区/ [索取号:J314.2/54] 在馆    
唐山师范学院图书馆 欢迎您!
大连网信软件有限公司© 版权所有